000 00732nam a2200217Ia 4500
001 3336
003 GE_BSU
008 181216s||||||||xx |||||||||||||| ||und||
040 _cGE_BSU
080 _a621.793(075.32)
100 _aКалинин,Б.П. Мойжес,Л.М. и др.
245 _aМонтаж металлических и железобетонных конструкций.
245 _cРед. изд-во Н.Ф.Голованова.
260 _aМ.
260 _bСтройиздат.
260 _c1972.
300 _a366 стр. 23 см. 183 илл.
300 _e29 табл.
653 _aМонтаж металлических и железобетонных конструкций.
942 _cBK
999 _c37377
_d37377